[Event "41st TCh-GRE"]
[Site "Rio (Achaia) GRE"]
[Date "2013.07.03"]
[Round "3.6"]
[White "Fragkou,E"]
[Black "Amiridou,D"]
[Result "1/2-1/2"]
[WhiteElo "1944"]
[BlackElo "1746"]

1.e4 c5 2.Nf3 Nc6 3.Bb5 Nf6 4.e5 Nd5 5.O-O Qc7 6.Re1 e6 7.Nc3 Nxc3 8.dxc3 d5
9.c4 a6 10.cxd5 axb5 11.dxc6 Qxc6 12.Bg5 Bd7 13.Re2 h6 14.Bh4 Be7 15.Bxe7 Kxe7
16.Rd2 Rhd8 17.Rd6 Qc7 18.Qd3 Bc6 19.Rd1 Bd5 20.Qxb5 Rxd6 21.exd6+ Qxd6 22.c4 Qc6
23.Qb3 Bxf3 24.gxf3 Rd8 25.Rxd8 Kxd8 26.Qd3+ Ke7 27.Kg2 e5 28.a3 Qf6 29.Qe4 Qg5+
30.Qg4 Qf6 31.b4 cxb4 32.axb4 g6 33.Qe4 Qg5+ 34.Kf1 Qc1+ 35.Kg2 Qg5+ 36.Qg4 Qf6
37.h4 Qb6 38.c5 Qb5 39.Qe4 Ke6 40.Qg4+ Ke7 41.Qe4 Ke6  1/2-1/2

[Event "36th Barbera Open"]
[Site "Barbera del Valles ESP"]
[Date "2013.07.04"]
[Round "1.2"]
[White "Abhishek,K"]
[Black "Ivanov,Sergey1"]
[Result "0-1"]
[WhiteElo "2274"]
[BlackElo "2555"]

1.e4 c5 2.Nf3 Nc6 3.Bb5 d6 4.O-O Bd7 5.Re1 Nf6 6.c3 a6 7.Bf1 Bg4 8.h3 Bxf3
9.Qxf3 g6 10.Na3 Bg7 11.Nc4 Nd7 12.Qg3 O-O 13.Ne3 b5 14.d3 b4 15.Ng4 Be5
16.Nh6+ Kh8 17.Bf4 bxc3 18.Bxe5+ dxe5 19.bxc3 Qa5 20.Rec1 Rab8 21.Ng4 e6
22.Ne3 Kg7 23.Nc4 Qc7 24.Be2 Rfc8 25.h4 Na5 26.Ne3 Rb2 27.Bd1 Qd6 28.h5 Nf6
29.Qh4 Qd8 30.Qg3 Qd6 31.Qh4 Qd8 32.Qg3 Nd7 33.Ba4 Nb6 34.Bc2 Nc6 35.Rcb1 Rxb1+
36.Rxb1 Rb8 37.Kf1 Qf6 38.Ke2 Qf4 39.Qh3 Qg5 40.hxg6 hxg6 41.g3 Qh5+ 42.Qxh5 gxh5
43.Kd2 Kg6 44.Rh1 Kg5 45.Bd1 Rh8 46.Ng2 c4 47.f4+ Kg6 48.fxe5 cxd3 49.Nf4+ Kg5
50.Nh3+ Kh6 51.Nf4 Nc4+ 52.Kxd3 N6xe5+ 53.Ke2 Rd8 54.Rxh5+ Kg7 55.Bb3 Rd2+
56.Kf1 Ne3+ 57.Kg1 Nf3+ 58.Kh1 Rb2  0-1

[Event "2nd Arberopen 2013"]
[Site "Bayerisch Eisenstein GER"]
[Date "2013.07.04"]
[Round "6.1"]
[White "Rausis,I"]
[Black "Vorobiov,E"]
[Result "1/2-1/2"]
[WhiteElo "2532"]
[BlackElo "2583"]

1.e4 c5 2.Nf3 Nc6 3.Bb5 e6 4.O-O Nge7 5.Nc3 a6 6.Bxc6 Nxc6 7.d4 cxd4 8.Nxd4 d6
9.Nxc6 bxc6 10.Qg4 f5  1/2-1/2

[Event "FIDE GP Beijing"]
[Site "Beijing CHN"]
[Date "2013.07.04"]
[Round "1.5"]
[White "Kamsky,G"]
[Black "Grischuk,A"]
[Result "0-1"]
[WhiteElo "2763"]
[BlackElo "2780"]

1.e4 c5 2.Nf3 Nc6 3.Bb5 e6 4.O-O Nge7 5.Ba4 a6 6.c4 Ng6 7.d4 cxd4 8.Nxd4 Qc7
9.Be3 Bd6 10.g3 Nxd4 11.Qxd4 Be5 12.Qd2 Qxc4 13.Bc2 Qc7 14.Bb3 O-O 15.f4 Bf6
16.e5 Be7 17.Nc3 b5 18.Rac1 Qb8 19.Ne4 Bb7 20.Nd6 Bxd6 21.exd6 Rc8 22.h4 h6
23.Rxc8+ Qxc8 24.Rc1 Bc6 25.Rc5 Qe8 26.Bd4 a5 27.a3 Qb8 28.Be3 Qe8 29.Qd4 Nf8
30.Bd2 Nh7 31.f5 Bd5 32.Bc2 b4 33.g4 Qd8 34.fxe6 dxe6 35.g5 hxg5 36.hxg5 Qxd6
37.Bf4 Qa6 38.Kf2 Rc8 39.axb4  0-1

[Event "IsBank TCh-TUR 2013"]
[Site "Denizli TUR"]
[Date "2013.07.04"]
[Round "6.3"]
[White "Semenova,El1"]
[Black "Atakisi,U"]
[Result "1-0"]
[WhiteElo "2152"]
[BlackElo "2351"]

1.e4 c5 2.Nf3 Nc6 3.Bb5 d6 4.d4 cxd4 5.Qxd4 Qa5+ 6.Nc3 Qxb5 7.Nxb5 Nxd4 8.Nfxd4 Kd8
9.c4 Nf6 10.f3 Bd7 11.Bd2 e5 12.Nc2 Bxb5 13.cxb5 Kd7 14.O-O-O Ke6 15.Ne3 d5
16.exd5+ Nxd5 17.Nxd5 Kxd5 18.f4 f6 19.Bc3+ Ke6 20.Rhe1 Bd6 21.Re3 Rac8 22.Kb1 Rhd8
23.fxe5 Bxe5 24.Rxd8 Rxd8 25.Bxe5 fxe5 26.Ra3 e4 27.Rxa7 Rd7 28.Kc2 Ke5 29.Ra8 Kf4
30.Re8 Ke3 31.a4 Rd2+ 32.Kc3 Rxg2 33.a5 Rg1 34.Re7 Kf3 35.Rxb7 e3 36.Rf7+ Ke4
37.Re7+ Kf3 38.b6 Rg5 39.b7 Rb5 40.a6  1-0

[Event "IsBank TCh-TUR 2013"]
[Site "Denizli TUR"]
[Date "2013.07.04"]
[Round "6.2"]
[White "Odeev,H"]
[Black "Baklan,V"]
[Result "1/2-1/2"]
[WhiteElo "2395"]
[BlackElo "2613"]

1.e4 c5 2.Nf3 Nc6 3.Bb5 Nf6 4.Qe2 g6 5.Nc3 Bg7 6.e5 Ng4 7.Bxc6 dxc6 8.h3 Nh6
9.g4 O-O 10.d3 f6 11.Bf4 Nf7 12.O-O-O fxe5 13.Bg3 Be6 14.Nxe5 Bd5 15.Nxd5 cxd5
16.Nxf7 Rxf7 17.Rhe1 Qa5 18.Kb1 Rf6 19.Qd2 Qxd2  1/2-1/2

[Event "IsBank TCh-TUR 2013"]
[Site "Denizli TUR"]
[Date "2013.07.04"]
[Round "7.2"]
[White "Baklan,V"]
[Black "Agamaliev,G"]
[Result "1-0"]
[WhiteElo "2613"]
[BlackElo "2512"]

1.e4 c5 2.Nf3 Nc6 3.Bb5 e6 4.O-O Nge7 5.Re1 a6 6.Bf1 d5 7.exd5 Qxd5 8.Na3 Nf5
9.Nc4 Qd8 10.a4 Be7 11.a5 O-O 12.d3 Bd7 13.c3 Be8 14.Qb3 Nd6 15.Nb6 Ra7 16.g3 Nc8
17.Nc4 Nd6 18.Nfd2 Kh8 19.Nxd6 Qxd6 20.Nc4 Qd8 21.Be3 f6 22.Qb6 Qd5 23.Bg2 Qh5
24.Bf4 Bd8 25.Qb3 Qf7 26.Bd6 Be7 27.Qb6 Bxd6 28.Nxd6 Qd7 29.Qxc5 Rg8 30.d4 Ra8
31.Bh3 f5 32.d5 exd5 33.Bxf5 Qc7 34.Be6 Rf8 35.Nb5 Qe7 36.Qxe7 Nxe7 37.Nc7 Rd8
38.Nxe8  1-0

[Event "41st TCh-GRE"]
[Site "Rio (Achaia) GRE"]
[Date "2013.07.04"]
[Round "4.10"]
[White "Papakonstantinou,Georgios"]
[Black "Grafakou,Sotiria-Aphrodite"]
[Result "0-1"]
[WhiteElo "1300"]
[BlackElo "1370"]

1.e4 c5 2.Nf3 Nc6 3.Bb5 g6 4.O-O Bg7 5.Bxc6 bxc6 6.Re1 d6 7.c3 Bg4 8.h3 Bxf3
9.Qxf3 e6 10.e5 d5 11.d4 cxd4 12.cxd4 Ne7 13.Nc3 Nf5 14.Be3 Nxe3 15.fxe3 O-O
16.Rf1 f6 17.Qg4 f5 18.Qf3 Qd7 19.Na4 Rfe8 20.Nc5 Qc7 21.Rac1 Bf8 22.b3 Bxc5
23.Rxc5 Qd7 24.Rfc1 Rac8 25.Qe2 Rc7 26.R1c3 Rec8 27.Qc2 Kf8 28.b4 Kg8 29.b5 Kf7
30.Rxc6 Rxc6 31.Rxc6 Rxc6 32.Qxc6 Qxc6 33.bxc6 Ke7 34.Kf2 Kd8 35.Kg3 Kc7
36.Kf4 h6 37.g4 fxg4 38.hxg4 Kxc6 39.e4 dxe4 40.Kxe4 h5 41.gxh5 gxh5 42.d5+ exd5+
43.Kf5 Kd7 44.e6+ Ke7 45.Ke5 h4 46.Kf4 d4 47.Ke4 h3 48.Kxd4  0-1

[Event "VIII Wroclaw Open A 2013"]
[Site "Wroclaw POL"]
[Date "2013.07.04"]
[Round "4.5"]
[White "Kubien,J"]
[Black "Dubinski,M"]
[Result "1-0"]
[WhiteElo "2204"]
[BlackElo "2239"]

1.e4 c5 2.Nf3 Nc6 3.Bb5 g6 4.O-O Bg7 5.Re1 Nf6 6.d3 Qb6 7.a4 a6 8.Bxc6 Qxc6
9.a5 d5 10.Nc3 dxe4 11.dxe4 Be6 12.Qe2 h6 13.h3 O-O 14.Bf4 Nd7 15.Qe3 g5
16.Bg3 b5 17.axb6 Nxb6 18.b3 c4 19.b4 Bc8 20.Ra5 e6 21.Rc5 Qe8 22.Rc7 Na4
23.Ne2 Qb5 24.Bd6 Rd8 25.e5 Bb7 26.h4 Bxf3 27.Qxf3 Qe8 28.hxg5 hxg5 29.Ng3 Nb6
30.Re7 Qf8 31.Rxe6 fxe6 32.Bxf8 Bxf8 33.Qf6 Nd5 34.Qxe6+ Kh8 35.Nf5 Nxb4
36.Qf6+ Kg8 37.Qxg5+  1-0

[Event "e2e4 Sunningdale July Open"]
[Site "Ascot ENG"]
[Date "2013.07.05"]
[Round "1"]
[White "Fernandez,Michael"]
[Black "Senior,Gary"]
[Result "1-0"]
[WhiteElo "1899"]
[BlackElo "2101"]

1.e4 c5 2.Nf3 Nc6 3.Bb5 e6 4.Bxc6 bxc6 5.d3 Ne7 6.O-O Ng6 7.c4 Be7 8.Nc3 e5
9.Be3 O-O 10.a3 a5 11.Qd2 d6 12.Rab1 f5 13.exf5 Bxf5 14.Na4 e4 15.Ne1 Ne5
16.dxe4 Bxe4 17.Rc1 Bf6 18.f3 Bg6 19.h3 Re8 20.Bf2 Qe7 21.f4 Nf7 22.Nf3 Qe2
23.Rfe1 Qxd2 24.Nxd2 Rab8 25.Rxe8+ Rxe8 26.Nb3 Re2 27.Nxa5 Bd4 28.Bxd4 cxd4
29.Nxc6 d3 30.Nc3 Re8 31.Rd1 h5 32.Nb4 Rc8 33.b3 Rb8 34.Kf2 h4 35.Nb5 Nh6
36.Nxd6 Kf8 37.g4 hxg3+ 38.Kxg3 Ra8 39.a4 Rb8 40.Nb5 Re8 41.Nd4 Re3+ 42.Kf2 Rxh3
43.f5 Nxf5 44.Ne6+ Ke8 45.Nf4 Ne3 46.Nxh3 Nxd1+ 47.Ke1 Ne3 48.Nf4 Bf7 49.Kd2 Nxc4+
50.bxc4 Bxc4 51.Nbxd3 g5 52.Nh5 Kd8 53.Kc3 Bd5 54.Kd4 Bg2 55.Kc5 Kc7 56.Ng3 Kb7
57.a5 Bd5 58.Kb4 Bg2 59.Nc5+ Kc6 60.Ne6 g4 61.Nd4+ Kb7 62.Nc2 Ka6 63.Ne3 Bf3
64.Nh5 Kb7 65.Ng3 Ka6 66.Ngf5 Be4 67.Ng3 Bf3 68.Nc4 Kb7 69.Ne5 Ka6 70.Nxf3 gxf3
71.Ne4 Ka7 72.Kb5 Kb8 73.Kb6 Ka8 74.a6 Kb8 75.a7+ Ka8 76.Nf6  1-0

[Event "Klatov Open A 2013"]
[Site "Klatovy CZE"]
[Date "2013.07.05"]
[Round "7.17"]
[White "Jacek,Mi"]
[Black "Kucera,M"]
[Result "1-0"]
[WhiteElo "2056"]
[BlackElo "1945"]

1.e4 c5 2.Nf3 Nc6 3.Bb5 g6 4.Bxc6 dxc6 5.d3 Bg7 6.h3 e5 7.Nc3 Ne7 8.Be3 b6
9.Qd2 f6 10.Bh6 O-O 11.h4 Bxh6 12.Qxh6 Kh8 13.O-O-O Ng8 14.Qe3 Qe7 15.Rdg1 Be6
16.g4 Rf7 17.Rh2 Rg7 18.g5 Rf8 19.a3 Bd7 20.Ne2 b5 21.Ng3 Be8 22.h5 a5 23.hxg6 Bxg6
24.Nh4 Qf7 25.Rgh1 Ne7 26.Nxg6+ Qxg6 27.Nh5 Qxg5 28.Nxg7 Qxg7 29.Qxc5 Rf7
30.Qd6 Qg5+ 31.Kb1 a4 32.Qd8+ Qg8 33.Qxg8+ Nxg8 34.f4 exf4 35.Rf2 Rg7 36.Rxf4 Rg2
37.Rf5 Kg7 38.e5 fxe5 39.Rxe5 Rg6 40.Re8 h6 41.Kc1 Rg2 42.Re6 Rg6 43.Rhe1 Nf6
44.Rxc6 h5 45.Re7+ Kh6 46.Ree6 Kg5 47.Kd2 h4 48.Ke1 h3 49.Kf1 Rh6 50.Kg1 Kf5
51.Rxf6+ Rxf6 52.Rxf6+  1-0

[Event "41st TCh-GRE"]
[Site "Rio (Achaia) GRE"]
[Date "2013.07.05"]
[Round "5.3"]
[White "Skoulakis,C"]
[Black "Kakousatze,I"]
[Result "0-1"]
[WhiteElo "2023"]
[BlackElo "2035"]

1.e4 c5 2.Nf3 Nc6 3.Bb5 d6 4.Bxc6+ bxc6 5.h3 e5 6.O-O g5 7.b4 g4 8.hxg4 Bxg4
9.bxc5 dxc5 10.Bb2 Bd6 11.Na3 Ne7 12.Nc4 Ng6 13.Qe2 Nf4 14.Qe3 Rg8 15.g3 f6
16.Ba3 Bf8 17.Nh4 Be6 18.Nb2 f5 19.Nxf5 Bxf5 20.exf5 Qd5 21.f3 Rxg3+ 22.Kf2 Rg2+
23.Ke1 Bh6 24.c4 Qd7 25.Qc3 O-O-O 26.Rf2 Rg1+ 27.Rf1 Rxf1+ 28.Kxf1 Qxf5 29.Nd1 Qh3+
30.Ke1 Qh1+  0-1

[Event "20th Abu Dhabi Masters 2013"]
[Site "Abu Dhabi UAE"]
[Date "2013.07.06"]
[Round "7.6"]
[White "Gopal,G"]
[Black "Guseinov,G"]
[Result "1/2-1/2"]
[WhiteElo "2522"]
[BlackElo "2631"]

1.e4 c5 2.Nf3 Nc6 3.Bb5 g6 4.Bxc6 bxc6 5.O-O Bg7 6.Re1 Nf6 7.e5 Nd5 8.c4 Nc7
9.d4 cxd4 10.Qxd4 O-O 11.Qh4 f6 12.exf6 exf6 13.Bd2 Ne6 14.Bc3 g5 15.Qg3 d5
16.Nd4 Nxd4 17.Bxd4 dxc4 18.Bc3 h5 19.h4 Qd3 20.hxg5 Qxg3 21.fxg3 fxg5 22.Bxg7 Kxg7
23.Nd2 Rb8 24.Nxc4 Ba6 25.Rac1 Bxc4 26.Rxc4 Rxb2 27.Rxc6 Rxa2 28.Re5 Ra1+
29.Kh2 Rff1 30.Rxg5+ Kf7 31.g4 Rh1+ 32.Kg3 h4+ 33.Kf3 Ra3+ 34.Ke4 Ra4+ 35.Kf3 Ra3+
36.Ke4 Re1+ 37.Kd4 Rd1+ 38.Ke4 Re1+ 39.Kf4 Rf1+ 40.Ke4  1/2-1/2

[Event "ch-BEL Open 2013"]
[Site "Antwerp BEL"]
[Date "2013.07.06"]
[Round "1.8"]
[White "Verhasselt,Karsten"]
[Black "Daels,M"]
[Result "0-1"]
[WhiteElo "1795"]
[BlackElo "2213"]

1.e4 c5 2.Nf3 Nc6 3.Bb5 Nf6 4.Bxc6 dxc6 5.d3 Bg4 6.h3 Bh5 7.Be3 Nd7 8.Nc3 e5
9.Qd2 Bd6 10.Ne2 Bxf3 11.gxf3 Qf6 12.O-O-O Qxf3 13.Rhg1 g6 14.Rg3 Qf6 15.Rdg1 Qe6
16.Kb1 O-O-O 17.f4 Rhf8 18.Rf3 f5 19.fxe5 Nxe5 20.Rf2 fxe4 21.Nf4 Qd7 22.Qa5 Nf3
23.Rg4 exd3 24.Nxd3 b6 25.Qc3 Rde8 26.Bh6 Rf5 27.a3 Ne5 28.Nxe5 Bxe5 29.Qd2 Qxd2
30.Rxd2 Rh5 31.Bg5 Rxg5 32.Rxg5 Bf4 33.Rdg2 Bxg5 34.Rxg5 Re1+ 35.Ka2 Kd7
36.Rg3 Ke6 37.Kb3 Re4 38.Kc3 Ke5 39.Kd3 c4+ 40.Kc3 Kf4 41.Rg4+ Kf5 42.Rg3 g5
43.Rf3+ Rf4 44.Re3 h5 45.Re7 g4 46.hxg4+ hxg4 47.Rxa7 g3 48.Rg7 Rg4 49.Rf7+ Ke4
50.Re7+ Kf3 51.Re1 g2 52.a4 Kf2  0-1

[Event "ch-BEL Open 2013"]
[Site "Antwerp BEL"]
[Date "2013.07.06"]
[Round "1.27"]
[White "Goncalves,J2"]
[Black "Pirard,Natan"]
[Result "1/2-1/2"]
[WhiteElo "2078"]
[BlackElo "1720"]

1.e4 c5 2.Nf3 Nc6 3.Bb5 g6 4.O-O Bg7 5.Re1 Qc7 6.Nc3 d6 7.Nd5 Qd8 8.c3 e6
9.Nf4 Ne7 10.d4 cxd4 11.cxd4 a6 12.Bf1 d5 13.exd5 Nxd5 14.Nxd5 Qxd5 15.Be3 O-O
16.Qd2 Rd8 17.Red1 Bd7 18.b3 b5 19.Rac1 Bf8 20.Bg5 Rdc8 21.Qf4 Ne7 22.Ne5 Be8
23.Be2 Qd6 24.Bf3 Nd5 25.Qh4 Bg7 26.Ng4 h5 27.Nf6+ Kf8 28.Nxd5 exd5 29.Re1 f6
30.Qf4 Qxf4 31.Bxf4 Bf7 32.Bd6+ Kg8 33.Rc5 Re8 34.Rec1 Rad8 35.Rc6 f5 36.Bc5 Re6  1/2-1/2

[Event "Styrian Open A 2013"]
[Site "Bad Gleichenberg AUT"]
[Date "2013.07.06"]
[Round "1.24"]
[White "Dragnev,Valentin"]
[Black "Kokol,P"]
[Result "0-1"]
[WhiteElo "1912"]
[BlackElo "2260"]

1.e4 c5 2.Nf3 Nc6 3.Bb5 Qb6 4.Nc3 e6 5.O-O Nge7 6.Re1 a6 7.Bc4 Ng6 8.d3 Be7
9.Be3 Qxb2 10.Na4 Qb4 11.Bb3 Qa5 12.Nd2 b5 13.Nb2 Qc7 14.c4 O-O 15.cxb5 axb5
16.a4 Ba6 17.Rc1 Bf6 18.Rxc5 Bxb2 19.axb5 Nge5 20.Nc4 d6 21.Rxc6 Nxc6 22.Nxb2 Bxb5
23.Bc4 Rfb8 24.f4 Na5 25.Ba2 Qc3 26.Re2 Nc6 27.Rc2 Qf6 28.Nc4 Nb4  0-1

[Event "2nd Arberopen 2013"]
[Site "Bayerisch Eisenstein GER"]
[Date "2013.07.06"]
[Round "8.18"]
[White "Strasser,J GER"]
[Black "Sauer,Eric"]
[Result "1/2-1/2"]
[WhiteElo "1903"]
[BlackElo "1901"]

1.e4 c5 2.Nf3 Nc6 3.Bb5 e6 4.O-O Nge7 5.c3 a6 6.Bxc6 Nxc6 7.d4 cxd4 8.cxd4 d6
9.Nc3 Be7 10.Bf4 O-O 11.Qd2 f6 12.d5 Ne5 13.Nd4 Re8 14.dxe6 Bf8 15.Nd5 Bxe6
16.Nxe6 Rxe6 17.Rac1 Nc6 18.f3 Rc8 19.Rc2 Na7 20.Rfc1 Rxc2 21.Rxc2 Nc6 22.Be3 Re8
23.Bb6 Qd7 24.Rc1 Rc8 25.b3 Ne7 26.Be3  1/2-1/2

[Event "IsBank TCh-TUR 2013"]
[Site "Denizli TUR"]
[Date "2013.07.06"]
[Round "8.4"]
[White "Firat,B"]
[Black "Kinsiz,O"]
[Result "0-1"]
[WhiteElo "2414"]
[BlackElo "2224"]

1.e4 c5 2.Nf3 Nc6 3.Bb5 e6 4.O-O Nge7 5.Re1 a6 6.Bxc6 Nxc6 7.d4 cxd4 8.Nxd4 d6
9.Nc3 Be7 10.Nxc6 bxc6 11.Qg4 g6 12.e5 d5 13.Bh6 Bb7 14.Qh3 Qc7 15.b4 O-O-O
16.Na4 c5 17.bxc5 Qc6 18.Nb2 Bxc5 19.Nd3 d4 20.Rab1 Rd7 21.Rb3 g5 22.c3 Kb8
23.Rc1 dxc3 24.Rcxc3 Qe4 25.Qf3 Rxd3 26.Rxb7+ Ka8  0-1

[Event "IsBank TCh-TUR 2013"]
[Site "Denizli TUR"]
[Date "2013.07.06"]
[Round "8.5"]
[White "Klinova,M"]
[Black "Erturan,Y"]
[Result "1/2-1/2"]
[WhiteElo "2322"]
[BlackElo "2374"]

1.e4 c5 2.Nf3 Nc6 3.Bb5 g6 4.Bxc6 bxc6 5.O-O Bg7 6.Re1 Nh6 7.d3 O-O 8.Nc3 d6
9.e5 f6 10.exd6 exd6 11.d4 Qb6 12.dxc5 dxc5 13.Na4 Qb5 14.b3 Bg4 15.c4 Qb4
16.Bd2 Bxf3 17.gxf3 Qb8 18.Bxh6 Bxh6 19.Qd7 Qf4 20.Qxc6 Qg5+ 21.Kf1 Qh4 22.Re7 Rad8
23.Qe6+ Kh8 24.Kg2 Rd2 25.Rf1 Bf4 26.Qh3 Qxh3+ 27.Kxh3 Rxa2 28.Kg2 Be5 29.Rxa7 Rb8
30.Ra6 Rxb3 31.Nxc5 Rxa6 32.Nxb3 Ra2 33.Rd1 Rc2 34.c5 Rc3 35.Rb1  1/2-1/2

[Event "41st TCh-GRE"]
[Site "Rio (Achaia) GRE"]
[Date "2013.07.06"]
[Round "6.8"]
[White "Michelakos,P"]
[Black "Pappelis,D"]
[Result "1-0"]
[WhiteElo "2155"]
[BlackElo "2063"]

1.e4 c5 2.Nf3 Nc6 3.Bb5 Nf6 4.Nc3 e5 5.Bxc6 dxc6 6.d3 Qc7 7.h3 Be7 8.Be3 Be6
9.Ng5 Bd7 10.a3 h6 11.Nf3 b6 12.Nd2 Be6 13.Qe2 Rd8 14.a4 a5 15.b3 Nd7 16.O-O g5
17.Nc4 Nf8 18.Qh5 Ng6 19.g3 Kd7 20.Bd2 Kc8 21.Nd1 Kb7 22.Bc3 Rdg8 23.Kh2 f6
24.Nde3 Qd7 25.Rad1 Bd8 26.Bb2 Bc7 27.c3 Qe8 28.Ba3 Rh7 29.b4 axb4 30.cxb4 cxb4
31.Bxb4 Rd7 32.Rb1 Kc8 33.Rfd1 Qd8 34.Be1 Rxd3 35.Qe2 Rxd1 36.Rxd1 Qe7 37.Qb2 Bxc4
38.Nxc4 Qc5 39.Ne3 Qf8 40.Nf5 Qe8 41.Qb3 Rf8 42.Qc4 Kb7 43.a5 bxa5 44.Bxa5 Qf7
45.Rb1+  1-0

[Event "41st TCh-GRE"]
[Site "Rio (Achaia) GRE"]
[Date "2013.07.06"]
[Round "6.2"]
[White "Kapnisis,S"]
[Black "Managadze,N"]
[Result "1-0"]
[WhiteElo "2449"]
[BlackElo "2477"]

1.e4 c5 2.Nf3 Nc6 3.Bb5 g6 4.O-O Bg7 5.Nc3 d6 6.e5 Bd7 7.exd6 exd6 8.Re1+ Nge7
9.d4 O-O 10.Bg5 f6 11.Bf4 cxd4 12.Nxd4 Ne5 13.Ne4 d5 14.Nxf6+ Bxf6 15.Bxe5 Bxb5
16.Nxb5 a6 17.Bxf6 Rxf6 18.Nc3 d4 19.Ne4 Rb6 20.c3 dxc3 21.Nxc3 Nf5 22.Qe2 h5
23.Rad1 Qf8 24.Rd7 Rd8 25.Qc4+ Kh8 26.Qd5 Rc8 27.Rxb7 Re8 28.Re4 Rd6 29.Qc4 Rd4
30.Qc7  1-0

[Event "2nd Arberopen 2013"]
[Site "Bayerisch Eisenstein GER"]
[Date "2013.07.07"]
[Round "9.18"]
[White "Strasser,J GER"]
[Black "Voelz,S"]
[Result "0-1"]
[WhiteElo "1903"]
[BlackElo "1947"]

1.e4 c5 2.Nf3 Nc6 3.Bb5 g6 4.Bxc6 dxc6 5.d3 Bg7 6.h3 Nf6 7.Nc3 Qc7 8.Be3 b6
9.Qd2 O-O 10.O-O Be6 11.Ng5 Bd7 12.f4 Rad8 13.Qf2 h6 14.Nf3 Nh5 15.Nh2 Bd4
16.g4 Nxf4 17.Qf3 e5 18.Bxd4 cxd4 19.Ne2 g5 20.Nxf4 exf4 21.Rf2 c5 22.Qg2 Kg7
23.Rf3 f6 24.Kf2 Rh8 25.Rh1 Kf7 26.Ke2 Rh7 27.Rff1 Rdh8 28.Qf3 Qc8 29.Kf2 h5
30.Kg2 hxg4 31.Nxg4 Rh4 32.Nf2 Kg7 33.Rfg1 Be8 34.Kf1 Bh5 35.Qg2 Qe6 36.b3 b5
37.Ke1 a5 38.Kd2 c4 39.dxc4 bxc4 40.Ke1 Kf7 41.Kd2 Qc8 42.Kc1 cxb3  0-1

[Event "2nd Arberopen 2013"]
[Site "Bayerisch Eisenstein GER"]
[Date "2013.07.07"]
[Round "9.10"]
[White "Schelle,A"]
[Black "Santl,A"]
[Result "1-0"]
[WhiteElo "2217"]
[BlackElo "2069"]

1.e4 c5 2.Nf3 Nc6 3.Bb5 Na5 4.c3 a6 5.Be2 Nf6 6.e5 Nd5 7.d4 cxd4 8.cxd4 d6
9.O-O e6 10.Nc3 Nxc3 11.bxc3 d5 12.Bd3 Be7 13.Bc2 Bd7 14.a4 Rc8 15.Bd2 h6
16.Ne1 Nc4 17.f4 Qc7 18.Rf3 g6 19.Bc1 h5 20.Rh3 Rf8 21.Rb1 b5 22.axb5 Bxb5
23.Nf3 Qa5 24.Ng5 Bxg5 25.fxg5 Qc7 26.Rf3 Kd7 27.Qd3  1-0

[Event "Klatov Open A 2013"]
[Site "Klatovy CZE"]
[Date "2013.07.07"]
[Round "9.27"]
[White "Hajek,Ji3"]
[Black "Kantor,Joze"]
[Result "1-0"]
[WhiteElo "1877"]
[BlackElo "1883"]

1.e4 c5 2.Nf3 Nc6 3.Bb5 d6 4.O-O Bd7 5.c3 Nf6 6.Re1 e6 7.d4 Be7 8.Bg5 O-O
9.Nbd2 Re8 10.Nf1 Qc7 11.d5 Nd8 12.Bxd7 Nxd7 13.Bxe7 Rxe7 14.Ng3 Nf8 15.Nd2 b5
16.c4 a6 17.Qg4 Ng6 18.f4 Qd7 19.Nh5 Qe8 20.Nf3 Qf8 21.f5 exf5 22.exf5 Ne5
23.Nxe5 Rxe5 24.Rxe5 dxe5 25.f6 g6 26.Ng3 Kh8 27.Re1 Nb7 28.Rxe5 Nd6 29.b3 bxc4
30.bxc4 Rb8 31.Nf1 h5 32.Qe2 Rb1 33.Qc2 Qb8 34.Qd2 Kh7 35.Qd3 Nf5 36.Rxf5 gxf5
37.Qxf5+ Kg8 38.Qg5+ Kf8 39.Qg7+ Ke8 40.Qg8+ Kd7 41.Qxf7+ Kc8 42.Qe6+ Kd8
43.Qe7+ Kc8 44.Qe8+ Kc7 45.f7 Rxf1+ 46.Kxf1 Qb1+ 47.Kf2 Qb2+ 48.Qe2 Qd4+
49.Qe3 Qb2+ 50.Kf3  1-0

[Event "11th Niki Open 2013"]
[Site "Nachod CZE"]
[Date "2013.07.07"]
[Round "9.20"]
[White "Cermak,Jan"]
[Black "Horak,Ales"]
[Result "0-1"]
[WhiteElo "1740"]
[BlackElo "1977"]

1.e4 c5 2.Nf3 Nc6 3.Bb5 e6 4.c3 Nge7 5.O-O a6 6.Ba4 b5 7.Bc2 Bb7 8.d4 cxd4
9.Nxd4 d5 10.Nf3 dxe4 11.Bxe4 Qc7 12.Qe2 Ng6 13.Rd1 Bd6 14.Nbd2 Nf4 15.Qe1 g5
16.Nxg5 Rg8 17.Nxh7 O-O-O 18.Nf6 Nxg2 19.Bxg2 Nd4 20.Nxg8 Rxg8 21.Qf1 Bxg2
22.Qxg2 Rxg2+ 23.Kxg2 Qc6+ 24.f3 Nc2 25.Ne4 Bxh2 26.Rb1 f5 27.Kxh2 fxe4 28.fxe4 Qxe4
29.Bd2 Qe2+ 30.Kg3 e5 31.Be1 e4 32.Kf4 Ne3 33.Rd2 Qf3+ 34.Ke5 Nc4+ 35.Kd4 Nxd2
36.Bxd2 Qd3+  0-1

[Event "ch-BEL Open 2013"]
[Site "Antwerp BEL"]
[Date "2013.07.08"]
[Round "3.34"]
[White "Verhasselt,Karsten"]
[Black "Verhulst,N"]
[Result "1-0"]
[WhiteElo "1795"]
[BlackElo "1987"]

1.e4 c5 2.Nf3 Nc6 3.Bb5 g6 4.Bxc6 dxc6 5.d3 Bg7 6.h3 Qc7 7.Nc3 b6 8.Be3 e5
9.Qd2 a5 10.O-O-O Ba6 11.g4 O-O-O 12.Kb1 Kb8 13.Ng5 h6 14.Nf3 Ne7 15.Nh4 Rd7
16.f4 f6 17.Rdf1 g5 18.fxe5 fxe5 19.Nf5 Nxf5 20.Rxf5 Rf7 21.Rhf1 Rhf8 22.Qf2 Rf6
23.h4 gxh4 24.Qxh4 Qd8 25.Rxf6 Rxf6 26.Rxf6 Bxf6 27.Qxh6 c4 28.g5 Bh8 29.dxc4 Kb7
30.Qh7+ Kb8 31.Bxb6 Qxb6 32.Qxh8+ Ka7 33.Qg7+ Ka8 34.Qf8+ Ka7 35.c5 Qb4 36.Qd6 Qc4
37.Qc7+ Bb7 38.Qxa5+ Kb8 39.Qd8+ Bc8 40.a3 Qxc5 41.Na4 Qg1+ 42.Ka2 Kb7 43.Qe7+ Ka6
44.Qc5  1-0

[Event "IsBank TCh-TUR 2013"]
[Site "Denizli TUR"]
[Date "2013.07.08"]
[Round "11.10"]
[White "Menzi,N"]
[Black "Ozbay,Ece"]
[Result "1-0"]
[WhiteElo "1890"]
[BlackElo "1391"]

1.e4 c5 2.Nf3 Nc6 3.Bb5 g6 4.O-O Bg7 5.c3 Nf6 6.Re1 O-O 7.h3 Qb6 8.Bf1 d6
9.d4 cxd4 10.cxd4 d5 11.e5 Ne4 12.Nc3 Nxc3 13.bxc3 Na5 14.Bg5 Qc7 15.Qd2 Re8
16.Bh6 Bd7 17.Rac1 Rac8 18.Qf4 f6 19.Bd3 Be6 20.h4 Nc4 21.h5 fxe5 22.dxe5 Rf8
23.Qg5 Bf5 24.hxg6 hxg6 25.Bxf5 Rxf5 26.Qxg6 Rf7 27.e6 Rcf8 28.Ng5 Ne5 29.Qh7+  1-0

[Event "IsBank TCh-TUR 2013"]
[Site "Denizli TUR"]
[Date "2013.07.08"]
[Round "11.4"]
[White "Kinsiz,O"]
[Black "Metin,M"]
[Result "1-0"]
[WhiteElo "2224"]
[BlackElo "2214"]

1.e4 c5 2.Nf3 Nc6 3.Bb5 g6 4.Bxc6 dxc6 5.d3 Bg4 6.Nbd2 Bg7 7.h3 Bxf3 8.Nxf3 Nf6
9.O-O O-O 10.Be3 b6 11.a4 Qc7 12.Qc1 e5 13.Bh6 Nh5 14.Bxg7 Kxg7 15.g3 a5
16.Qe3 Rae8 17.Nd2 h6 18.Nc4 Kh7 19.Rae1 Rg8 20.Kg2 Re6 21.Qd2 Qd8 22.Kh2 Qc7
23.Kg2 f5 24.exf5 gxf5 25.Qd1 Nf4+ 26.Kh2 Ng6 27.Qh5 Rf6 28.Re2 b5 29.Nd2 Qg7
30.Qf3 Qc7 31.Rfe1 Nh4 32.Qh5 Ng6 33.Qf3 Rff8 34.Qh5 e4 35.dxe4 Nf4 36.gxf4 Qxf4+
37.Kh1 Rg5 38.Qf3 Qh4 39.exf5 Rgxf5 40.Re7+ Kh8 41.Qg3 Qd4 42.Qg6 Qd5+ 43.Ne4  1-0

[Event "IsBank TCh-TUR 2013"]
[Site "Denizli TUR"]
[Date "2013.07.08"]
[Round "11.8"]
[White "Kaya,E"]
[Black "Paikidze,N"]
[Result "0-1"]
[WhiteElo "1993"]
[BlackElo "2368"]

1.e4 c5 2.Nf3 Nc6 3.Bb5 d6 4.d4 cxd4 5.Qxd4 Bd7 6.Bxc6 Bxc6 7.c4 Nf6 8.Nc3 g6
9.Nd5 Bg7 10.Bg5 O-O 11.Qd3 Bxd5 12.exd5 Nd7 13.Qe2 Qa5+ 14.Bd2 Qa6 15.O-O Nb6
16.b3 Nxd5 17.Rae1 Nf6 18.Qxe7 Rae8 19.Qc7 Ne4 20.Rd1 Rc8 21.Qa5 Nxd2 22.Qxd2 Rfe8
23.Rfe1 h6 24.Re2 Rxe2 25.Qxe2 Qa3 26.g3 a5 27.Rd5 a4 28.Rb5 Rb8 29.Kg2 Bf6
30.Ra5 Kg7 31.Rxa4 Qc5 32.Qe3 Qc6 33.Rb4 d5 34.Rb6 d4 35.Rxc6 dxe3 36.Rd6 e2
37.Rd3 Bg5 38.Ne1 Bc1 39.f4 g5 40.fxg5 hxg5 41.h3 f5 42.Kf2 Rh8 43.Kxe2 Rxh3
44.Rf3 Kf6 45.Nd3 Ba3 46.Nf2 Rh2 47.Kd3 Kg6 48.g4 f4 49.Ke4 Rg2 50.Nd3 Kf6
51.c5 Rxa2 52.Nxf4 gxf4 53.Rxf4+ Ke6 54.Kd4 Rc2 55.Rf5 Bb2+ 56.Kd3 Rc3+ 57.Kd2 Rxb3
58.Kc2 Rb4 59.Rh5 Be5 60.Rh7 Kd5 61.g5 Kxc5 62.g6 b6 63.Rh5 Kd6 64.Rg5 Bg7
65.Kd3 Rd4+ 66.Kc2 Rd5 67.Rg3 Kc6 68.Rg4 b5 69.Kb3 Kc5 70.Rg2 Rd3+ 71.Kc2 Rc3+
72.Kb1 Kb4 73.Rg4+ Kb3 74.Rg5 b4 75.Rg2 Re3 76.Rg1 Ka3 77.Rf1 b3  0-1

[Event "Commonwealth & RSA Open"]
[Site "Port Elizabeth RSA"]
[Date "2013.07.08"]
[Round "4.15"]
[White "Willenberg,C"]
[Black "G.,A"]
[Result "0-1"]
[WhiteElo "2054"]
[BlackElo "2332"]

1.e4 c5 2.Nf3 Nc6 3.Bb5 e6 4.O-O Nge7 5.c3 a6 6.Bxc6 Nxc6 7.d4 d5 8.exd5 Qxd5
9.dxc5 Qxd1 10.Rxd1 Bxc5 11.Nbd2 e5 12.h3 f6 13.b4 Be7 14.Nc4 Be6 15.Nb6 Rd8
16.Rxd8+ Bxd8 17.Be3 Ne7 18.Na4 Nd5 19.Nc5 Bc8 20.Bd2 Be7 21.Nb3 Kf7 22.Rc1 Be6
23.Be3 Rc8 24.Bc5 b6 25.Bxe7 Kxe7 26.c4 Nxb4 27.a3 Nd3 28.Rc3 Nb2 29.c5 Na4
30.Re3 bxc5  0-1

[Event "Commonwealth & RSA Open"]
[Site "Port Elizabeth RSA"]
[Date "2013.07.08"]
[Round "4.14"]
[White "Zwakala,Ntando"]
[Black "Roy Chowdhury,S"]
[Result "0-1"]
[WhiteElo "2069"]
[BlackElo "2500"]

1.e4 c5 2.Nf3 Nc6 3.Bb5 e6 4.O-O Nge7 5.c3 a6 6.Ba4 d5 7.exd5 Nxd5 8.Ne5 Bd7
9.Bxc6 Bxc6 10.Nxc6 bxc6 11.d4 Qc7 12.dxc5 Bxc5 13.c4 Nf6 14.Nc3 Rd8 15.Qf3 Bd4
16.Bf4 e5 17.Bg5 Rd6 18.Ne2 c5 19.Nxd4 cxd4 20.Qa8+ Qd8 21.Qxd8+ Kxd8 22.Rfe1 Re8
23.Rad1 Kd7 24.f3 Kc6 25.b3 Nd7 26.Bc1 h5 27.Ba3 Rde6 28.Kf2 f6 29.Bb2 Nc5
30.Re2 g6 31.Ba3 Rd8 32.Bb2 Rd7 33.g3 Rd8 34.Bc3 Ra8 35.Bb2 Ree8 36.Kg2 Rad8  0-1